Voces de supervivencia indígena
Saved in:
| Hovedforfatter: | |
|---|---|
| Format: | Bog |
| Sprog: | spansk |
| Udgivet: |
Buenos Aires
Emecé
1944
|
| Serier: | Colección Buen Aire
|
| Fag: | |
| Tags: |
Tilføj Tag
Ingen Tags, Vær først til at tagge denne postø!
|
MARC
| LEADER | 00000nam a2200000 a 4500 | ||
|---|---|---|---|
| 001 | UCI1421 | ||
| 003 | CL-VaPUC | ||
| 008 | 070629e19440000AG |||||||||||||||||spa|d | ||
| 082 | 0 | 4 | |a 498 |b ARA |2 21 |
| 100 | 0 | |a Aramburu, Julio |e author |9 521927 | |
| 245 | 1 | 0 | |a Voces de supervivencia indígena |
| 300 | |a 74 p | ||
| 942 | |c BK | ||
| 945 | |d 20070629 00:00:00 |a jtorresc | ||
| 260 | |a Buenos Aires |b Emecé |c 1944 | ||
| 650 | 7 | |a LENGUAS INDIGENAS |2 CL-VaPUC |9 521928 | |
| 650 | 0 | |a Etnolingüística |9 341076 | |
| 650 | 0 | |a Razas |9 326658 | |
| 650 | 0 | |a Etimología |9 337976 | |
| 650 | 0 | |a Arte |9 265238 | |
| 583 | |a last modification |c 20070629 00:00:00 |k Rodrigo Vera | ||
| 490 | 0 | |a Colección Buen Aire | |
| 999 | |c 326244 |d 326242 | ||
| 952 | |0 0 |1 0 |4 0 |6 498_000000000000000_ARA_1944 |7 0 |8 A |9 408040 |a BIBGIM |b BIBGIM |d 2019-11-22 |i 4278011 |o 498 ARA 1944 |p 4278011 |r 2025-01-15 |w 2019-11-22 |y BK |k ORI | ||